International ports
Saved in:
| Corporate Author: | |
|---|---|
| Format: | Book |
| Language: | English |
| Published: |
London :
The Lloyd's Business Intelligence Centre,
1995
|
| Subjects: | |
| Tags: |
Add Tag
No Tags, Be the first to tag this record!
|
MARC
| LEADER | 00000nam a2200000 i 4500 | ||
|---|---|---|---|
| 001 | 1/66125 | ||
| 008 | 980907s1995 eng d | ||
| 020 | |a 1850449368 | ||
| 035 | |l 10029764 | ||
| 040 | |a GR-MY-UA |b gre |e aacr | ||
| 041 | 0 | |a eng | |
| 082 | 0 | |a 387.1 | |
| 110 | 2 | |a GP Wild (International) Ltd. | |
| 245 | 1 | 0 | |a International ports |
| 260 | |a London : |b The Lloyd's Business Intelligence Centre, |c 1995 | ||
| 300 | |a v, 167 p. | ||
| 504 | |a Includes index | ||
| 650 | 0 | 0 | |a Harbors. |
| 852 | |a INST |b CHIOS |e 19980907 |h 387.1 INT |p 005200015711 |q 005200015711 |t BK |y 0 | ||
| 901 | |a BIBL-1998-3 | ||
| 909 | |a Χ |b 054744 | ||
| 922 | |a 2ΕΛΗ |b 199809 |c ΤΝΕΥ |d ΜΑΝΤΑΡΑΚΗΣ | ||